[Event "Haringey Masters"]
[Site "London, Muswell Hill"]
[Date "1989.07.15"]
[Round "4"]
[White "Pergericht, Daniel"]
[Black "Conquest, Stuart C"]
[Result "0-1"]
[WhiteElo "2325"]
[BlackElo "2515"]
[PlyCount "74"]
[EventDate "1989.07.11"]
[EventType "schev"]
[EventRounds "9"]
[EventCountry "ENG"]
[SourceTitle "BritBase"]
[Source "John Saunders"]
[SourceDate "2025.08.03"]
[SourceVersion "1"]
[SourceVersionDate "2025.08.03"]
[SourceQuality "1"]

1. d4 Nf6 2. c4 c5 3. d5 b5 4. cxb5 a6 5. e3 g6 6. Nc3 Bg7 7. Bc4 O-O 8. Nge2 d6 9. a4 Nbd7 10. O-O Nb6 11. Ba2 axb5 12. axb5 Nfxd5 13. Nxd5 Nxd5 14. Qxd5 Be6 15. Qe4 Bxa2 16. Nc3 f5 17. Qd3 Be6 18. Bd2 Qd7 19. e4 c4 20. Qe2 Rxa1 21. Rxa1 fxe4 22. b6 d5 23. Ra7 Qd6 24. Bg5 Qxb6 25. Rxe7 Ra8 26. g4 Bf8 27. Be3 Ra1+ 28. Kg2 Qc6 29. Ra7 Rxa7 30. Bxa7 Qd7 31. Be3 Bg7 32. Bf4 Bxg4 33. Qd2 Bf3+ 34. Kf1 d4 35. Ne2 Qg4 36. Ng3 h5 37. Bh6 e3 0-1

[Event "Haringey Masters"]
[Site "London, Muswell Hill"]
[Date "1989.07.15"]
[Round "4"]
[White "Polaczek, Richard"]
[Black "Karolyi, Tibor Jr"]
[Result "1-0"]
[WhiteElo "2400"]
[BlackElo "2430"]
[PlyCount "61"]
[EventDate "1989.07.11"]
[EventType "schev"]
[EventRounds "9"]
[EventCountry "ENG"]
[SourceTitle "BritBase"]
[Source "John Saunders"]
[SourceDate "2025.08.03"]
[SourceVersion "1"]
[SourceVersionDate "2025.08.03"]
[SourceQuality "1"]

1. e4 e5 2. Nf3 Nc6 3. Bb5 a6 4. Ba4 Nf6 5. O-O Be7 6. Re1 b5 7. Bb3 d6 8. c3 O-O 9. h3 Na5 10. Bc2 c5 11. d4 Qc7 12. d5 c4 13. b4 cxb3 14. axb3 g6 15. Bd2 Bd7 16. Qc1 Nh5 17. Qa3 Bd8 18. Bh6 Re8 19. Nbd2 Nf4 20. Rac1 Qb8 21. b4 Nb7 22. c4 Bb6 23. Bxf4 exf4 24. e5 bxc4 25. Nxc4 Bc7 26. e6 fxe6 27. dxe6 Bxe6 28. Ba4 Re7 29. Bc6 Kf8 30. Qc3 Bxc4 31. Qf6+ 1-0

[Event "Haringey Masters"]
[Site "London, Muswell Hill"]
[Date "1989.07.15"]
[Round "4"]
[White "Rajkovic, Dusan"]
[Black "Martin, Andrew D"]
[Result "0-1"]
[WhiteElo "2465"]
[BlackElo "2425"]
[PlyCount "98"]
[EventDate "1989.07.11"]
[EventType "schev"]
[EventRounds "9"]
[EventCountry "ENG"]
[SourceTitle "BritBase"]
[Source "John Saunders"]
[SourceDate "2025.08.03"]
[SourceVersion "1"]
[SourceVersionDate "2025.08.03"]
[SourceQuality "1"]

1. d4 Nf6 2. c4 g6 3. Nc3 Bg7 4. e4 d6 5. f3 O-O 6. Bg5 c5 7. d5 e6 8. Qd2 exd5 9. cxd5 Bd7 10. Nge2 Na6 11. Ng3 Rb8 12. Be2 b5 13. Qf4 Qe7 14. O-O c4 15. a4 bxa4 16. Bxc4 Nc5 17. Rf2 Rfc8 18. Bf1 Rb3 19. Nd1 Rcb8 20. Rc1 R3b4 21. Rc4 a5 22. Rfc2 R8b7 23. Qd2 Bb5 24. R4c3 Bxf1 25. Nxf1 Qf8 26. Ra3 Qb8 27. Be3 Nfd7 28. Ra2 Ne5 29. Qe2 Ned3 30. Nd2 R7b5 31. Nc4 Rb3 32. Na3 Rb7 33. Nc4 Nb4 34. Nxd6 Nxc2 35. Bxc5 Bd4+ 36. Bxd4 Nxd4 37. Qa6 Rc7 38. Rxa4 Rb6 39. Qd3 Nb3 40. Rc4 Nc5 41. Qe3 Rxd6 42. Rxc5 Rxc5 43. Qxc5 Qb6 44. Qe3 Qxe3+ 45. Nxe3 Rb6 46. Nc4 Rb5 47. Kf2 a4 48. Ke3 Rxb2 49. d6 Kf8 0-1

[Event "Haringey Masters"]
[Site "London, Muswell Hill"]
[Date "1989.07.15"]
[Round "4"]
[White "Shrentzel, Mordechai"]
[Black "Pein, Malcolm"]
[Result "0-1"]
[WhiteElo "2325"]
[BlackElo "2385"]
[PlyCount "90"]
[EventDate "1989.07.11"]
[EventType "schev"]
[EventRounds "9"]
[EventCountry "ENG"]
[SourceTitle "BritBase"]
[Source "John Saunders"]
[SourceDate "2025.08.03"]
[SourceVersion "1"]
[SourceVersionDate "2025.08.03"]
[SourceQuality "1"]

1. e4 c5 2. c3 e6 3. d4 d5 4. e5 Nc6 5. Nf3 Qb6 6. a3 Bd7 7. b4 cxd4 8. cxd4 Rc8 9. Be3 Nge7 10. Bd3 Nf5 11. O-O Nd8 12. Bxf5 exf5 13. Qd2 Bb5 14. Rc1 Rxc1+ 15. Qxc1 Be7 16. Nc3 Bc4 17. Bg5 Ne6 18. Bxe7 Kxe7 19. Na4 Qc6 20. Nc5 h6 21. a4 Rc8 22. b5 Qc7 23. Nxe6 fxe6 24. Qa3+ Kf7 25. Rc1 Qe7 26. Qc3 b6 27. h3 g5 28. g3 Rc7 29. h4 Rc8 30. Qe3 Rg8 31. hxg5 hxg5 32. Nd2 Rc8 33. Nf3 Kg6 34. Kg2 Rh8 35. Nd2 Qh7 36. Nxc4 dxc4 37. d5 g4 38. Kf1 Qh1+ 39. Ke2 Qxd5 40. Rd1 Qf3+ 41. Qxf3 gxf3+ 42. Kxf3 Rc8 43. Rc1 Kg5 44. Rc3 Rc5 45. Kg2 f4 0-1

[Event "Haringey Masters"]
[Site "London, Muswell Hill"]
[Date "1989.07.17"]
[Round "5"]
[White "Adams, Michael"]
[Black "Polaczek, Richard"]
[Result "1/2-1/2"]
[WhiteElo "2505"]
[BlackElo "2400"]
[PlyCount "57"]
[EventDate "1989.07.11"]
[EventType "schev"]
[EventRounds "9"]
[EventCountry "ENG"]
[SourceTitle "BritBase"]
[Source "John Saunders"]
[SourceDate "2025.08.03"]
[SourceVersion "1"]
[SourceVersionDate "2025.08.03"]
[SourceQuality "1"]

1. e4 e5 2. Nf3 Nc6 3. Bb5 a6 4. Ba4 Nf6 5. O-O Be7 6. Re1 b5 7. Bb3 d6 8. c3 O-O 9. h3 Be6 10. d4 Bxb3 11. axb3 exd4 12. cxd4 d5 13. e5 Ne4 14. Nbd2 f5 15. exf6 Bxf6 16. Nxe4 dxe4 17. Rxe4 Qd5 18. Rf4 Rad8 19. Be3 Nb4 20. Ra3 c5 21. Qb1 cxd4 22. Nxd4 Bg5 23. Rxf8+ Rxf8 24. Bxg5 Qxg5 25. Ne6 Qf5 26. Qxf5 Rxf5 27. Ra1 Re5 28. Nc7 Re2 29. Nxa6 1/2-1/2

[Event "Haringey Masters"]
[Site "London, Muswell Hill"]
[Date "1989.07.17"]
[Round "5"]
[White "Conquest, Stuart C"]
[Black "Shrentzel, Mordechai"]
[Result "1-0"]
[WhiteElo "2515"]
[BlackElo "2325"]
[PlyCount "69"]
[EventDate "1989.07.11"]
[EventType "schev"]
[EventRounds "9"]
[EventCountry "ENG"]
[SourceTitle "BritBase"]
[Source "John Saunders"]
[SourceDate "2025.08.03"]
[SourceVersion "1"]
[SourceVersionDate "2025.08.03"]
[SourceQuality "1"]

1. e4 d5 2. exd5 Nf6 3. d4 Nxd5 4. Nf3 g6 5. Be2 Bg7 6. O-O Bg4 7. Nbd2 O-O 8. c3 c6 9. h3 Bxf3 10. Nxf3 Nd7 11. Re1 Qc7 12. c4 N5b6 13. a4 e5 14. a5 Nc8 15. dxe5 Nxe5 16. g3 Nd6 17. Bf4 Rfe8 18. c5 Nf5 19. Qa4 Qc8 20. Rad1 Nxf3+ 21. Bxf3 Rxe1+ 22. Rxe1 Nd4 23. Bg2 a6 24. Kh2 Qd7 25. Rd1 Rd8 26. Bg5 Re8 27. Be3 Rd8 28. Rd2 f5 29. Qd1 Bf6 30. Bf1 Qd5 31. Bg2 Qd7 32. b4 Qg7 33. Bf1 Kh8 34. Bc4 g5 35. f4 1-0

[Event "Haringey Masters"]
[Site "London, Muswell Hill"]
[Date "1989.07.17"]
[Round "5"]
[White "Elyoseph, Harel"]
[Black "Dutreeuw, Marc"]
[Result "1/2-1/2"]
[WhiteElo "2320"]
[BlackElo "2400"]
[PlyCount "47"]
[EventDate "1989.07.11"]
[EventType "schev"]
[EventRounds "9"]
[EventCountry "ENG"]
[SourceTitle "BritBase"]
[Source "John Saunders"]
[SourceDate "2025.08.03"]
[SourceVersion "1"]
[SourceVersionDate "2025.08.03"]
[SourceQuality "1"]

1. d4 d5 2. c4 e6 3. Nc3 Be7 4. Nf3 Nf6 5. cxd5 exd5 6. Bg5 c6 7. Qc2 O-O 8. e3 Re8 9. Bd3 Nbd7 10. h3 Nf8 11. Bf4 Bd6 12. Bxd6 Qxd6 13. O-O-O Be6 14. g4 b6 15. Kb1 Rad8 16. Ne5 N6d7 17. h4 f6 18. Nf3 c5 19. Rhe1 Re7 20. g5 c4 21. Bf5 fxg5 22. Nxg5 Bxf5 23. Qxf5 Nf6 24. Nf3 1/2-1/2

[Event "Haringey Masters"]
[Site "London, Muswell Hill"]
[Date "1989.07.17"]
[Round "5"]
[White "Iclicki, Willy"]
[Black "Dunnington, Angus J"]
[Result "0-1"]
[WhiteElo "2255"]
[BlackElo "2380"]
[PlyCount "78"]
[EventDate "1989.07.11"]
[EventType "schev"]
[EventRounds "9"]
[EventCountry "ENG"]
[SourceTitle "BritBase"]
[Source "John Saunders"]
[SourceDate "2025.08.03"]
[SourceVersion "1"]
[SourceVersionDate "2025.08.03"]
[SourceQuality "1"]

1. d4 g6 2. c4 Bg7 3. Nc3 d6 4. e4 Nd7 5. f4 e5 6. fxe5 dxe5 7. d5 Ngf6 8. Be3 O-O 9. Be2 Qe7 10. Qd2 Nc5 11. Bf3 a5 12. b3 b6 13. Nge2 Ng4 14. Bxg4 Bxg4 15. O-O Rad8 16. h3 Bc8 17. Ng3 f6 18. Qe2 Rf7 19. Rad1 Qf8 20. Qf2 Nb7 21. Nb5 Re8 22. a3 f5 23. exf5 gxf5 24. Nxc7 Rxc7 25. Nxf5 Bxf5 26. Qxf5 Qxf5 27. Rxf5 Nc5 28. d6 Rd7 29. Bxc5 bxc5 30. Rd5 e4 31. Kf1 e3 32. Ke2 Bb2 33. Rxc5 Rxd6 34. Rcd5 Rg6 35. g4 Bxa3 36. Rxa5 Bb4 37. Ra7 Rd6 38. Rg5+ Kh8 39. Rh5 Rd2+ 0-1

[Event "Haringey Masters"]
[Site "London, Muswell Hill"]
[Date "1989.07.17"]
[Round "5"]
[White "Kool, Gerard J"]
[Black "Rajkovic, Dusan"]
[Result "0-1"]
[WhiteElo "2260"]
[BlackElo "2465"]
[PlyCount "80"]
[EventDate "1989.07.11"]
[EventType "schev"]
[EventRounds "9"]
[EventCountry "ENG"]
[SourceTitle "BritBase"]
[Source "John Saunders"]
[SourceDate "2025.08.03"]
[SourceVersion "1"]
[SourceVersionDate "2025.08.03"]
[SourceQuality "1"]

1. Nf3 c5 2. g3 b6 3. Bg2 Bb7 4. O-O Nf6 5. c4 e6 6. Nc3 a6 7. b3 d6 8. Bb2 Nbd7 9. e3 Ra7 10. d4 Qa8 11. Ne1 cxd4 12. exd4 Be7 13. Qe2 d5 14. f4 g6 15. Nf3 O-O 16. Ne5 dxc4 17. Bxb7 Rxb7 18. bxc4 Rc7 19. g4 Rfc8 20. g5 Nh5 21. f5 Nxe5 22. fxg6 hxg6 23. Qxe5 Bf8 24. Rf2 Bg7 25. Qe3 Rxc4 26. Ne4 Qd5 27. Nf6+ Nxf6 28. gxf6 Bf8 29. Re1 Rc2 30. Ree2 Rxe2 31. Qxe2 Qxa2 32. h4 Qc4 33. Qd1 Bh6 34. Rg2 Bc1 35. Qh5 Qd3 36. Qg4 Bxb2 37. Rxb2 Rc1+ 38. Kh2 Rc2+ 39. Rxc2 Qxc2+ 40. Kg1 Qf5 0-1

[Event "Haringey Masters"]
[Site "London, Muswell Hill"]
[Date "1989.07.17"]
[Round "5"]
[White "Martin, Andrew D"]
[Black "Mortazavi, Ali"]
[Result "1-0"]
[WhiteElo "2425"]
[BlackElo "2325"]
[PlyCount "115"]
[EventDate "1989.07.11"]
[EventType "schev"]
[EventRounds "9"]
[EventCountry "ENG"]
[SourceTitle "BritBase"]
[Source "John Saunders"]
[SourceDate "2025.08.03"]
[SourceVersion "1"]
[SourceVersionDate "2025.08.03"]
[SourceQuality "1"]

1. e4 g6 2. d4 Bg7 3. c4 c5 4. d5 d6 5. Nc3 Nf6 6. Be2 b5 7. cxb5 a6 8. a4 O-O 9. Bg5 h6 10. Bd2 e6 11. dxe6 Bxe6 12. Nf3 axb5 13. Bxb5 Na6 14. O-O Nb4 15. Re1 Bg4 16. Rc1 g5 17. h3 Bh5 18. g4 Bg6 19. Nxg5 hxg5 20. Bxg5 Qc7 21. Qd2 Qb7 22. f3 d5 23. exd5 Nfxd5 24. Nxd5 Qxd5 25. Qxd5 Nxd5 26. Bc6 Nb4 27. Bxa8 Rxa8 28. Re2 Rxa4 29. Rxc5 Nd3 30. Rc8+ Kh7 31. h4 Ra1+ 32. Kg2 Nxb2 33. h5 Bd3 34. Re7 Bc4 35. Rxc4 Nxc4 36. Rxf7 Ra2+ 37. Kg3 Kg8 38. Rf5 Nd2 39. Bxd2 Rxd2 40. Rb5 Rd1 41. f4 Rh1 42. Kf3 Bh6 43. Ke4 Bg7 44. Kf5 Kh7 45. Rb6 Ra1 46. Kg5 Ra7 47. h6 Bf8 48. Kh5 Rf7 49. f5 Bc5 50. Re6 Bd4 51. Kg5 Bc3 52. f6 Bd4 53. Kf5 Kxh6 54. g5+ Kh5 55. Re2 Kh4 56. Re4+ Kh5 57. Rxd4 Rxf6+ 58. gxf6 1-0

[Event "Haringey Masters"]
[Site "London, Muswell Hill"]
[Date "1989.07.17"]
[Round "5"]
[White "Pein, Malcolm"]
[Black "Matulovic, Milan"]
[Result "1/2-1/2"]
[WhiteElo "2385"]
[BlackElo "2425"]
[PlyCount "51"]
[EventDate "1989.07.11"]
[EventType "schev"]
[EventRounds "9"]
[EventCountry "ENG"]
[SourceTitle "BritBase"]
[Source "John Saunders"]
[SourceDate "2025.08.03"]
[SourceVersion "1"]
[SourceVersionDate "2025.08.03"]
[SourceQuality "1"]

1. d4 d5 2. Nf3 Nf6 3. c4 dxc4 4. Nc3 c6 5. a4 Bf5 6. Ne5 e6 7. f3 Bb4 8. e4 Bxe4 9. fxe4 Nxe4 10. Bd2 Qxd4 11. Nxe4 Qxe4+ 12. Qe2 Bxd2+ 13. Kxd2 Qd5+ 14. Kc2 Na6 15. Nxc4 O-O-O 16. Qe5 f6 17. Qe3 Nb4+ 18. Kb3 c5 19. Re1 e5 20. Be2 Nc6 21. Kc3 Nd4 22. Bf3 Nxf3 23. gxf3 Qd4+ 24. Qxd4 Rxd4 25. Rhg1 g5 26. Re4 1/2-1/2

[Event "Haringey Masters"]
[Site "London, Muswell Hill"]
[Date "1989.07.17"]
[Round "5"]
[White "Watson, William N"]
[Black "Pergericht, Daniel"]
[Result "1-0"]
[WhiteElo "2495"]
[BlackElo "2325"]
[PlyCount "69"]
[EventDate "1989.07.11"]
[EventType "schev"]
[EventRounds "9"]
[EventCountry "ENG"]
[SourceTitle "BritBase"]
[Source "John Saunders"]
[SourceDate "2025.08.03"]
[SourceVersion "1"]
[SourceVersionDate "2025.08.03"]
[SourceQuality "1"]

1. Nc3 Nf6 2. e4 e5 3. g3 d5 4. exd5 Nxd5 5. Bg2 Nxc3 6. bxc3 Bd6 7. Nf3 O-O 8. O-O c6 9. Re1 Qc7 10. d4 Bg4 11. Qd3 Nd7 12. Nd2 exd4 13. cxd4 Rfe8 14. Bb2 Bf8 15. c4 Rad8 16. Ne4 h6 17. Re3 f5 18. Nd2 f4 19. Rxe8 Rxe8 20. Qg6 Nf6 21. d5 fxg3 22. hxg3 Bh5 23. Qf5 Bg4 24. Qg6 Bh5 25. Qf5 Bg4 26. Qd3 Qd8 27. Ne4 Nxe4 28. Bxe4 Bc5 29. Kg2 Qe7 30. f3 cxd5 31. cxd5 Bd7 32. Rh1 Bd6 33. Rh5 Rc8 34. Bh7+ Kh8 35. Rxh6 1-0

[Event "Haringey Masters"]
[Site "London, Muswell Hill"]
[Date "1989.07.18"]
[Round "6"]
[White "Dunnington, Angus J"]
[Black "Martin, Andrew D"]
[Result "1/2-1/2"]
[WhiteElo "2380"]
[BlackElo "2425"]
[PlyCount "37"]
[EventDate "1989.07.11"]
[EventType "schev"]
[EventRounds "9"]
[EventCountry "ENG"]
[SourceTitle "BritBase"]
[Source "John Saunders"]
[SourceDate "2025.08.03"]
[SourceVersion "1"]
[SourceVersionDate "2025.08.03"]
[SourceQuality "1"]

1. b3 e5 2. Bb2 Nc6 3. e3 Nf6 4. Bb5 d6 5. Ne2 Bd7 6. O-O a6 7. Bxc6 Bxc6 8. d4 Qe7 9. c4 g6 10. Nbc3 Bg7 11. Qc2 O-O 12. dxe5 dxe5 13. e4 Rac8 14. Nd5 Nxd5 15. exd5 Bd7 16. Rad1 Rfe8 17. Rfe1 f5 18. Qd2 Rcd8 19. Nc1 1/2-1/2

[Event "Haringey Masters"]
[Site "London, Muswell Hill"]
[Date "1989.07.18"]
[Round "6"]
[White "Dutreeuw, Marc"]
[Black "Iclicki, Willy"]
[Result "1-0"]
[WhiteElo "2400"]
[BlackElo "2255"]
[PlyCount "101"]
[EventDate "1989.07.11"]
[EventType "schev"]
[EventRounds "9"]
[EventCountry "ENG"]
[SourceTitle "BritBase"]
[Source "John Saunders"]
[SourceDate "2025.08.03"]
[SourceVersion "1"]
[SourceVersionDate "2025.08.03"]
[SourceQuality "1"]

1. e4 c6 2. d4 d5 3. Nd2 dxe4 4. Nxe4 Nd7 5. Ng5 Ngf6 6. Bd3 e6 7. Ne2 Bd6 8. Ng3 O-O 9. N3e4 Nxe4 10. Nxe4 Nf6 11. Bg5 Qa5+ 12. Bd2 Qd8 13. Nxf6+ Qxf6 14. Bc3 e5 15. O-O exd4 16. Bxd4 Qh6 17. g3 Re8 18. Qf3 Qh3 19. Bc4 Be6 20. Bb3 Qf5 21. Qxf5 Bxf5 22. f3 Be6 23. Kf2 c5 24. Be3 Bxb3 25. axb3 b6 26. Rfd1 Re6 27. Rd3 Kf8 28. Ra6 Ke7 29. Rd1 Be5 30. c3 Rd6 31. Rda1 Rd7 32. Rxb6 axb6 33. Rxa8 Rd1 34. Ra7+ Kd6 35. Rxf7 Rb1 36. Bf4 Rxb2+ 37. Ke3 Bxf4+ 38. Kxf4 Rxb3 39. Rxg7 Rxc3 40. Rxh7 b5 41. h4 b4 42. h5 b3 43. Rb7 c4 44. h6 Rc2 45. g4 Rh2 46. g5 b2 47. Kg3 Rh5 48. Rxb2 Rxg5+ 49. Kh4 Rg1 50. Rh2 Rg8 51. h7 1-0

[Event "Haringey Masters"]
[Site "London, Muswell Hill"]
[Date "1989.07.18"]
[Round "6"]
[White "Hodgson, Julian M"]
[Black "Adams, Michael"]
[Result "1/2-1/2"]
[WhiteElo "2535"]
[BlackElo "2505"]
[PlyCount "96"]
[EventDate "1989.07.11"]
[EventType "schev"]
[EventRounds "9"]
[EventCountry "ENG"]
[SourceTitle "BritBase"]
[Source "John Saunders"]
[SourceDate "2025.08.03"]
[SourceVersion "1"]
[SourceVersionDate "2025.08.03"]
[SourceQuality "1"]

1. e4 e6 2. d4 d5 3. Nc3 Bb4 4. e5 Ne7 5. Nf3 c5 6. dxc5 Nbc6 7. Bd3 Ng6 8. Bxg6 fxg6 9. Be3 O-O 10. O-O Bxc3 11. bxc3 Qc7 12. Rb1 Na5 13. Re1 Bd7 14. Bd4 Rf4 15. g3 Rff8 16. Nd2 g5 17. Qg4 Rf5 18. Nf1 Nc4 19. Ne3 Nxe3 20. Bxe3 h6 21. h4 gxh4 22. Qxh4 Bc6 23. Rb4 Qf7 24. Qg4 d4 25. Rxd4 Rh5 26. Re4 Rd8 27. f3 Bxe4 28. Qxe4 Qf5 29. Qxf5 Rxf5 30. f4 h5 31. Rb1 Rf7 32. Kg2 Kh7 33. Rh1 Kg6 34. Kf3 Rfd7 35. Bd4 Rc8 36. Rh4 Rc6 37. g4 hxg4+ 38. Rxg4+ Kf7 39. Ke4 Rd8 40. f5 exf5+ 41. Kxf5 Rf8 42. Rg1 Ra6 43. Ke4 Re8 44. Rf1+ Kg8 45. Ra1 Re7 46. a4 Kf7 47. a5 Ke8 48. Kd5 Rd7+ 1/2-1/2

[Event "Haringey Masters"]
[Site "London, Muswell Hill"]
[Date "1989.07.18"]
[Round "6"]
[White "Matulovic, Milan"]
[Black "Conquest, Stuart C"]
[Result "1-0"]
[WhiteElo "2425"]
[BlackElo "2515"]
[PlyCount "81"]
[EventDate "1989.07.11"]
[EventType "schev"]
[EventRounds "9"]
[EventCountry "ENG"]
[SourceTitle "BritBase"]
[Source "John Saunders"]
[SourceDate "2025.08.03"]
[SourceVersion "1"]
[SourceVersionDate "2025.08.03"]
[SourceQuality "1"]

1. e4 c5 2. Nf3 d6 3. d4 cxd4 4. Nxd4 Nf6 5. Nc3 Nc6 6. Bg5 e6 7. Qd2 a6 8. O-O-O h6 9. Bf4 Bd7 10. Nxc6 Bxc6 11. Qe1 Be7 12. f3 Qc7 13. e5 d5 14. Bg3 Nd7 15. Kb1 O-O 16. f4 Rfc8 17. Bd3 Bb5 18. Qd2 Nb6 19. Ne2 Na4 20. Bf2 Qd7 21. Nd4 Rc7 22. g4 Bc4 23. f5 a5 24. Rc1 Ra6 25. f6 Bb4 26. c3 Bf8 27. fxg7 Bxd3+ 28. Qxd3 Bxg7 29. Nf3 Nc5 30. Bxc5 Rxc5 31. g5 h5 32. g6 f5 33. exf6 Bxf6 34. Qe3 Rc4 35. Ne5 Bxe5 36. Qxe5 h4 37. Rhf1 Qd6 38. Qh5 Rc7 39. Rf7 Rxf7 40. gxf7+ Kf8 41. Rg1 1-0

[Event "Haringey Masters"]
[Site "London, Muswell Hill"]
[Date "1989.07.18"]
[Round "6"]
[White "Polaczek, Richard"]
[Black "Elyoseph, Harel"]
[Result "1-0"]
[WhiteElo "2400"]
[BlackElo "2320"]
[PlyCount "100"]
[EventDate "1989.07.11"]
[EventType "schev"]
[EventRounds "9"]
[EventCountry "ENG"]
[SourceTitle "BritBase"]
[Source "John Saunders"]
[SourceDate "2025.08.03"]
[SourceVersion "1"]
[SourceVersionDate "2025.08.03"]
[SourceQuality "1"]

1. e4 Nf6 2. e5 Nd5 3. d4 d6 4. Nf3 g6 5. Bc4 Nb6 6. Bb3 Bg7 7. a4 c6 8. O-O O-O 9. Re1 dxe5 10. Nxe5 N8d7 11. Ng4 Nd5 12. Bg5 N7f6 13. Ne5 Be6 14. Nd2 Qc7 15. Ndf3 Rad8 16. h3 c5 17. c4 Nb6 18. d5 Bf5 19. Bf4 Qc8 20. g4 Bd7 21. a5 Na8 22. Qc1 Be8 23. Qe3 Nd7 24. Nd3 f5 25. g5 Bf7 26. Ba4 b6 27. Nfe5 Nxe5 28. Nxe5 Be8 29. Nc6 Bxc6 30. Bxc6 Bxb2 31. Ra2 Bd4 32. Qxe7 Rf7 33. Qxd8+ Qxd8 34. Re8+ Qxe8 35. Bxe8 Rf8 36. Bc6 bxa5 37. Rxa5 Nb6 38. Bb5 Rf7 39. Ra2 Kf8 40. Bb8 Rb7 41. Bd6+ Kg8 42. Bc6 Rf7 43. Bf4 Nxc4 44. d6 Nb6 45. Re2 a5 46. Re8+ Kg7 47. Rd8 Rf8 48. Be8 a4 49. Bc1 Rg8 50. Ba3 h6 1-0

[Event "Haringey Masters"]
[Site "London, Muswell Hill"]
[Date "1989.07.18"]
[Round "6"]
[White "Shrentzel, Mordechai"]
[Black "Watson, William N"]
[Result "0-1"]
[WhiteElo "2325"]
[BlackElo "2495"]
[PlyCount "62"]
[EventDate "1989.07.11"]
[EventType "schev"]
[EventRounds "9"]
[EventCountry "ENG"]
[SourceTitle "BritBase"]
[Source "John Saunders"]
[SourceDate "2025.08.03"]
[SourceVersion "1"]
[SourceVersionDate "2025.08.03"]
[SourceQuality "1"]

1. e4 g6 2. d4 Bg7 3. Nc3 d6 4. Be3 a6 5. a4 Nf6 6. Be2 O-O 7. Nf3 b6 8. O-O Bb7 9. Nd2 Re8 10. Bf3 Nc6 11. Ne2 Qd7 12. h3 e6 13. c3 Rad8 14. b4 h6 15. Qc1 Qe7 16. Nb3 Kh7 17. b5 Nb8 18. Ng3 c5 19. e5 dxe5 20. Bxb7 exd4 21. bxa6 dxe3 22. Qxe3 Nd5 23. Qf3 Qc7 24. Rac1 f5 25. Rfe1 Nc6 26. a5 Ne5 27. Rxe5 Bxe5 28. axb6 Qxb6 29. c4 Nb4 30. Qe2 Bxg3 31. fxg3 Nxa6 0-1

[Event "Haringey Masters"]
[Site "London, Muswell Hill"]
[Date "1989.07.19"]
[Round "7"]
[White "Conquest, Stuart C"]
[Black "Rajkovic, Dusan"]
[Result "1/2-1/2"]
[WhiteElo "2515"]
[BlackElo "2465"]
[PlyCount "121"]
[EventDate "1989.07.11"]
[EventType "schev"]
[EventRounds "9"]
[EventCountry "ENG"]
[SourceTitle "BritBase"]
[Source "John Saunders"]
[SourceDate "2025.08.03"]
[SourceVersion "1"]
[SourceVersionDate "2025.08.03"]
[SourceQuality "1"]

1. e4 c5 2. Nf3 e6 3. d4 cxd4 4. Nxd4 Nc6 5. Nb5 d6 6. c4 Nf6 7. N1c3 a6 8. Na3 b6 9. Be2 Bb7 10. O-O Nb8 11. f3 Nbd7 12. Nc2 Be7 13. Be3 Qc7 14. Rc1 O-O 15. Kh1 Rfe8 16. Bg1 Rac8 17. Ne3 Qb8 18. a3 h6 19. b4 Rc7 20. Qb3 Rec8 21. Rc2 Ne8 22. Rd1 Bf6 23. Ng4 Bg5 24. Be3 Bxe3 25. Nxe3 Qa7 26. Nb1 Ndf6 27. Qd3 Bc6 28. Nc3 Qb8 29. Rdc1 Nd7 30. Bf1 a5 31. Qd2 Ra7 32. Ne2 axb4 33. axb4 Ne5 34. Nd4 Bd7 35. Qe1 Ra3 36. Rc3 Ra4 37. Rb3 Qb7 38. h4 Rca8 39. Qc3 Qc7 40. Be2 Qd8 41. g3 Ra2 42. Rb2 Qf6 43. Rxa2 Rxa2 44. Rc2 Ra4 45. Bd1 g5 46. hxg5 hxg5 47. Rh2 Ra8 48. b5 Ra7 49. Kg2 Bc8 50. Qd2 Bb7 51. Kg1 Ra3 52. Be2 Ra1+ 53. Nf1 Qg6 54. Qb2 Ra8 55. Nc6 Bxc6 56. bxc6 Qf6 57. Qxb6 Rc8 58. Qe3 Ng7 59. f4 gxf4 60. gxf4 Ng6 61. Rf2 1/2-1/2

[Event "Haringey Masters"]
[Site "London, Muswell Hill"]
[Date "1989.07.19"]
[Round "7"]
[White "Elyoseph, Harel"]
[Black "Hodgson, Julian M"]
[Result "0-1"]
[WhiteElo "2320"]
[BlackElo "2535"]
[PlyCount "94"]
[EventDate "1989.07.11"]
[EventType "schev"]
[EventRounds "9"]
[EventCountry "ENG"]
[SourceTitle "BritBase"]
[Source "John Saunders"]
[SourceDate "2025.08.03"]
[SourceVersion "1"]
[SourceVersionDate "2025.08.03"]
[SourceQuality "1"]

1. d4 d6 2. Nf3 Bg4 3. c4 Nd7 4. Qb3 Rb8 5. h3 Bxf3 6. Qxf3 g6 7. Nc3 Bg7 8. e3 c5 9. d5 Bxc3+ 10. bxc3 Qa5 11. Bd2 Ngf6 12. Be2 Ne5 13. Qf4 b5 14. cxb5 Nxd5 15. Qe4 Nf6 16. Qc2 c4 17. f4 Nd3+ 18. Bxd3 cxd3 19. Qxd3 Qxb5 20. Qxb5+ Rxb5 21. O-O Kd7 22. c4 Rc5 23. Bc3 Rxc4 24. Bxf6 exf6 25. Rab1 Rhc8 26. Rb3 a5 27. Rd1 Rc1 28. Rxc1 Rxc1+ 29. Kh2 Rc4 30. Kg3 Ra4 31. a3 Ke6 32. Kf3 h6 33. g3 Rc4 34. Rb5 Rc5 35. Rb3 g5 36. Rb8 Rc3 37. Re8+ Kd7 38. Rh8 Rxa3 39. Rxh6 Ke7 40. h4 d5 41. Kf2 g4 42. Rh8 Ra2+ 43. Kf1 Ke6 44. Rf8 Kf5 45. Rxf7 Ke4 46. Rxf6 Kf3 47. Ke1 Kxg3 0-1

[Event "Haringey Masters"]
[Site "London, Muswell Hill"]
[Date "1989.07.19"]
[Round "7"]
[White "Iclicki, Willy"]
[Black "Polaczek, Richard"]
[Result "0-1"]
[WhiteElo "2255"]
[BlackElo "2400"]
[PlyCount "74"]
[EventDate "1989.07.11"]
[EventType "schev"]
[EventRounds "9"]
[EventCountry "ENG"]
[SourceTitle "BritBase"]
[Source "John Saunders"]
[SourceDate "2025.08.03"]
[SourceVersion "1"]
[SourceVersionDate "2025.08.03"]
[SourceQuality "1"]

1. d4 Nf6 2. c4 e6 3. Nc3 Bb4 4. e3 O-O 5. Bd3 d5 6. cxd5 exd5 7. Nge2 Re8 8. O-O Nbd7 9. a3 Bf8 10. Nf4 Nb6 11. h3 a5 12. b3 c6 13. Bd2 Bd6 14. g4 Ne4 15. Nce2 Nxd2 16. Qxd2 Qe7 17. a4 Nd7 18. Ng3 Nf6 19. Bf5 Ne4 20. Nxe4 dxe4 21. Bxc8 Raxc8 22. Ng2 h5 23. Qe2 Qe6 24. f4 exf3 25. Qxf3 hxg4 26. Qxg4 Qxg4 27. hxg4 Re4 28. Rf5 c5 29. Rc1 b6 30. Rd5 Rc6 31. g5 Be7 32. Rf5 Rg4 33. Rcf1 Bxg5 34. Kf2 g6 35. Rf3 cxd4 36. Ne1 dxe3+ 37. Ke2 f5 0-1